LEADER 02092nam0 22004693i 450 001 VAN00229598 005 20250312033217.710 017 70$2N$a9783030602352 100 $a20211020d2020 |0itac50 ba 101 $aeng 102 $aCH 105 $a|||| ||||| 181 $ai$b e 182 $ab 200 1 $aOptical Whispering Gallery Modes for Biosensing$eFrom Physical Principles to Applications$fFrank Vollmer, Deshui Yu 210 $aCham$cSpringer$d2020 215 $axiii, 416 p.$cill.$d24 cm 410 1$1001VAN00108744$12001 $aBiological and Medical Physics, Biomedical Engineering$1210 $aBerlin [etc.]$cSpringer$d1997- 500 1$3VAN00229601$aOptical Whispering Gallery Modes for Biosensing$92919472 606 $a00A79 (77-XX)$xPhysics [MSC 2020]$3VANC023182$2MF 606 $a92C05$xBiophysics [MSC 2020]$3VANC020842$2MF 606 $a92Cxx$xPhysiological, cellular and medical topics [MSC 2020]$3VANC024650$2MF 610 $aBiomedical Diagnostics$9KW:K 610 $aBiomolecular Interactions$9KW:K 610 $aBiosensing for Clinical Diagnostics$9KW:K 610 $aIntegrated Photonics$9KW:K 610 $aLocalized Surface Plasmon Resonances$9KW:K 610 $aMicroresonators$9KW:K 610 $aMicrosystem Biodetection Technology$9KW:K 610 $aOptical Resonators$9KW:K 620 $aCH$dCham$3VANL001889 700 1$aVollmer$bFrank$3VANV191839$0843496 701 1$aYu$bDeshui$3VANV191840$0843497 712 $aSpringer $3VANV108073$4650 801 $aIT$bSOL$c20250314$gRICA 856 4 $uhttp://doi.org/10.1007/978-3-030-60235-2$zE-book ? Accesso al full-text attraverso riconoscimento IP di Ateneo, proxy e/o Shibboleth 899 $aBIBLIOTECA DEL DIPARTIMENTO DI MATEMATICA E FISICA$1IT-CE0120$2VAN08 912 $fN 912 $aVAN00229598 950 $aBIBLIOTECA DEL DIPARTIMENTO DI MATEMATICA E FISICA$d08DLOAD e-book 4313 $e08eMF4313 20211020 996 $aOptical Whispering Gallery Modes for Biosensing$92919472 997 $aUNICAMPANIA LEADER 02260nam2 22004213i 450 001 VAN00274754 005 20240806101540.637 017 70$2N$a9783030573485 100 $a20240411d2021 |0itac50 ba 101 $aeng 102 $aCH 105 $a|||| ||||| 200 1 $aˆ3.: ‰First-Order and Time-Dependent PDEs$fAlexandre Ern, Jean-Luc Guermond 210 $aCham$cSpringer$d2021 215 $aviii, 417 p.$cill.$d24 cm 410 1$1001VAN00033353$12001 $aTexts in applied mathematics$1210 $aNew York [etc.]$cSpringer$d1988-$v74 461 1$1001VAN00274749$12001 $aFinite Elements$fAlexandre Ern, Jean-Luc Guermond$1210 $aCham$cSpringer$d2021$1215 $a3 volumi$cill.$d24 cm$v3 606 $a35-XX$xPartial differential equations [MSC 2020]$3VANC019763$2MF 606 $a35Qxx$xPartial differential equations of mathematical physics and other areas of application [MSC 2020]$3VANC022881$2MF 606 $a65-XX$xNumerical analysis [MSC 2020]$3VANC019772$2MF 606 $a65M60$xFinite element, Rayleigh-Ritz and Galerkin methods for initial value and initial-boundary value problems involving PDEs [MSC 2020]$3VANC029157$2MF 606 $a65N30$xFinite elements, Rayleigh-Ritz and Galerkin methods, finite methods for boundary value problems involving PDEs [MSC 2020]$3VANC021532$2MF 610 $aElliptic Partial Differential Equations$9KW:K 610 $aFinite element methods$9KW:K 610 $aFunctional Analysis$9KW:K 610 $aPartial Differential Equations$9KW:K 620 $aCH$dCham$3VANL001889 700 1$aErn$bAlexandre$3VANV037043$053623 701 1$aGuermond$bJean-Luc$3VANV037044$0495925 712 $aSpringer $3VANV108073$4650 801 $aIT$bSOL$c20250606$gRICA 856 4 $uhttps://doi.org/10.1007/978-3-030-57348-5$zE-book ? Accesso al full-text attraverso riconoscimento IP di Ateneo, proxy e/o Shibboleth 899 $aBIBLIOTECA DEL DIPARTIMENTO DI MATEMATICA E FISICA$1IT-CE0120$2VAN08 912 $fN 912 $aVAN00274754 950 $aBIBLIOTECA DEL DIPARTIMENTO DI MATEMATICA E FISICA$d08DLOAD e-book 8230 $e08eMF8230 20240430 996 $aFirst-Order and Time-Dependent PDEs$94148909 997 $aUNICAMPANIA